• 首页
  • 本馆介绍
  • 公告通知
  • 最新文献
  • 馆藏检索
  • 电子资源
  • 读者荐购
  • 参考咨询
  • CALIS
  • 我的图书馆
  • 登录
  • 详细信息显示
  • 放入我的书架
  • 预约/预借图书
  • 作者相关作品
  • 分类相关作品
  • 丛书相关作品
  • 出版社相关作品

书目信息

  • 表格格式
  • 工作单格式
  • 卡片格式
题名:
孙子兵法
    
 
作者: 孙武 著
分册:  
出版信息: 北京   北京燕山出版社  1995.04
页数: 190页
开本: 32开
丛书名:
单 册:
中图分类: E892
科图分类:
主题词: 兵法--古代 , 作战方法--古代
电子资源:
ISBN: 7-5402-0190-8
 
 
 
 
 
000 00595nam0 2200205 45
001 0011251095
005 20001125100607.8
010    @a7-5402-0190-8@d8.00元
100    @a20001125d1995 km y0chiy0120 ea
101 0  @achi
105    @a z 000yy
200 1  @a孙子兵法@ASun Zi Bing Fa@f(春秋)孙武著;江小涛编著@F(Chun Qiu)Sun Wu Zhu;Jiang Xiao Tao Bian Zhu
210    @a北京@c北京燕山出版社@d1995.04
215    @a190页@d32开
606 0  @a兵法@x古代
606 0  @a作战方法@x古代
690    @aE892@v3
701  0 @a孙武@4著
801    @aCN@bPftUser@c20001125
905    @b503245-249@dE892@eS.336/1@f5
    
    孙子兵法/(春秋)孙武著;江小涛编著.-北京:北京燕山出版社,1995.04
    190页;32开
    
    
    ISBN 7-5402-0190-8:8.00元
    
●
相关链接 在E读中查询图书 在当当中查询图书 在豆瓣中查询图书


正题名:孙子兵法     索取号:E892/S.336/1         预约/预借

序号 登录号 条形码 馆藏地/架位号 状态 备注
1 503245   205032454   社科库509/509社科库 122排2列6层/ [索取号:E892/S.336/1] 在馆    
2 503246   205032463   社科库509/ [索取号:E892/S.336/1] 在馆    
3 503247   205032472   社科库509/509社科库 122排2列6层/ [索取号:E892/S.336/1] 在馆    
4 503248   205032481   社科库509/509社科库 122排2列6层/ [索取号:E892/S.336/1] 在馆    
5 503249   205032490   社科库509/509社科库 122排2列6层/ [索取号:E892/S.336/1] 在馆    
河南城建学院图书馆 欢迎您!
大连网信软件有限公司© 版权所有